Episodes de "Faites entrer l'accusé" - Statistiques

Statistiques générales
  • Ce quiz a été pris 31 fois
  • Le résultat moyen est 11 sur 23
Statistiques - réponses
Sous titre de l'épisode Accusé % Correct
Le tueur de l'est parisien Guy Georges
85%
Les disparues de l'Yonne Emile Louis
73%
Le démon belge Marc Dutroux
73%
L'énigme du Pull-over rouge Christian Ranucci
65%
Prise d'otages à la maternelle Human Bomb
65%
Le routard du crime Francis Heaulme
62%
La diabolique de Nancy Simone Weber
62%
Marathon pour un acquittement Patrick Dils
58%
Meurtres au carnaval Les frères Jourdain
54%
L'énigme de Mourmelon Pierre Chanal
46%
Le mort vivant Yves Dandonneau
46%
Le tueur de vieilles dames Thierry Paulin
42%
Etat de démence Alain Lamare
38%
Le procès de la Guillotine Patrick Henry
38%
Pierrot le fou Pierre Bodein
38%
Le tueur de l'ombre Marcel Barbeault
35%
Le menteur Jean-Claude Romand
31%
Le chat Roland Cazaux
31%
Le chinois Jean-Claude Bonnal
27%
Le tailleur de pierres Louis Poirson
27%
Meurtre sur ordonnance Sylvie Reviriego
23%
Le charcutier du marché St Martin Bérenger Brouns
19%
L'homme aux mille visages Jacques Mesrine
15%
Aucun quiz correspondant
Distribution des résultats
% des personnes avec chaque résultat
Percentile par nombre de réponses
Votre historique - résultats
Vous n’avez pas pris ce quiz